000 00738cab a2200253 4500
001 X769
008 090401t1993 xxu||||| |||| 00| 0 eng d
035 _a(Sirsi) u67381
041 _aeng
100 _aThomas, D.
245 _aGuidelines for aggregate provision in England and Wales - draft revision of MPG6
260 _c1993
350 _a0
490 _aCS Monthly : Planning and Development bulletin
_v2(9) June 1993, 5-6(2)
520 _aAlso published in CSM Minerals Bulletin June 1993.
650 _aAGGREGATES
650 _aMENTOR
650 _aMINERAL PLANNING GUIDANCE NOTE 6
650 _aMINING
690 _aMINING AND MINERALS
690 _aPLANNING LAW AND PRACTICE
942 _n0
948 _c04/03/1997
999 _c42171
_d42171